LEADER 03764oam 2200817I 450 001 9910780385703321 005 20230421041634.0 010 $a1-134-85522-2 010 $a1-134-85523-0 010 $a1-280-10553-4 010 $a0-203-20140-X 024 7 $a10.4324/9780203201404 035 $a(CKB)111087027071778 035 $a(EBL)168886 035 $a(OCoLC)475876019 035 $a(SSID)ssj0000112954 035 $a(PQKBManifestationID)11129833 035 $a(PQKBTitleCode)TC0000112954 035 $a(PQKBWorkID)10098852 035 $a(PQKB)11693963 035 $a(MiAaPQ)EBC168886 035 $a(Au-PeEL)EBL168886 035 $a(CaPaEBR)ebr10166581 035 $a(CaONFJC)MIL10553 035 $a(OCoLC)936888245 035 $a(OCoLC)625027022 035 $a(EXLCZ)99111087027071778 100 $a20180331d1994 uy 0 101 0 $aeng 135 $aur|n|---||||| 181 $ctxt 182 $cc 183 $acr 200 10$aBlack women, writing, and identity $emigrations of the subject /$fCarole Boyce Davies 210 1$aLondon ;$aNew York :$cRoutledge,$d1994. 215 $a1 online resource (193 p.) 300 $aDescription based upon print version of record. 311 $a0-415-10087-9 311 $a0-415-10086-0 320 $aIncludes bibliographical references and index. 327 $aBOOKCOVER; CONTENTS; ACKNOWLEDGMENTS; 1 INTRODUCTION: MIGRATORY SUBJECTIVITIES; 2 NEGOTIATING THEORIES OR "GOING A PIECE OF THE WAY WITH THEM"; 3 DECONSTRUCTING AFRICAN FEMALE SUBJECTIVITIES; 4 FROM "POST-COLONIALITY" TO UPRISING TEXTUALITIES; 5 WRITING HOME; 6 MOBILITY, EMBODIMENT AND RESISTANCE; 7 OTHER TONGUES; NOTES; BIBLIOGRAPHY; INDEX 330 $aBlack Women Writing and Identity is an exciting work by one of the most imaginative and acute writers around. The book explores a complex and fascinating set of interrelated issues, establishing the significance of such wide-ranging subjects as: * re-mapping, re-naming and cultural crossings * tourist ideologies and playful world travelling * gender, heritage and identity * African women's writing and resistance to domination * marginality, effacement and decentering * gender, language and the politics of location Carole Boyce-Davies is at the forefront of 606 $aAmerican literature$xAfrican American authors$xHistory and criticism 606 $aEnglish literature$zForeign countries$xHistory and criticism 606 $aAmerican literature$xWomen authors$xHistory and criticism 606 $aEnglish literature$xBlack authors$xHistory and criticism 606 $aEnglish literature$xWomen authors$xHistory and criticism 606 $aIdentity (Psychology) in literature 606 $aAfrican Americans in literature 606 $aAuthorship$xSex differences 606 $aBlack people in literature 606 $aWomen and literature 615 0$aAmerican literature$xAfrican American authors$xHistory and criticism. 615 0$aEnglish literature$xHistory and criticism. 615 0$aAmerican literature$xWomen authors$xHistory and criticism. 615 0$aEnglish literature$xBlack authors$xHistory and criticism. 615 0$aEnglish literature$xWomen authors$xHistory and criticism. 615 0$aIdentity (Psychology) in literature. 615 0$aAfrican Americans in literature. 615 0$aAuthorship$xSex differences. 615 0$aBlack people in literature. 615 0$aWomen and literature. 676 $a810.9/9287/08996073 700 $aDavies$b Carole Boyce.$0526615 801 0$bMiAaPQ 801 1$bMiAaPQ 801 2$bMiAaPQ 906 $aBOOK 912 $a9910780385703321 996 $aBlack women, writing and identity$9819880 997 $aUNINA LEADER 02663nam 22005775 450 001 9910254806503321 005 20220116160356.0 010 $a9783319532288 010 $a3319532286 024 7 $a10.1007/978-3-319-53228-8 035 $a(CKB)3780000000451081 035 $a(MiAaPQ)EBC4947282 035 $a(DE-He213)978-3-319-53228-8 035 $a(Perlego)3497108 035 $a(EXLCZ)993780000000451081 100 $a20170814d2017 u| 0 101 0 $aeng 135 $aurcnu|||||||| 181 $2rdacontent 182 $2rdamedia 183 $2rdacarrier 200 14$aThe Structural Trauma of Western Culture $eToward the End of Humanity /$fby Yochai Ataria 205 $a1st ed. 2017. 210 1$aCham :$cSpringer International Publishing :$cImprint: Palgrave Macmillan,$d2017. 215 $a1 online resource (214 pages) $cillustrations 311 08$a9783319532271 311 08$a3319532278 320 $aIncludes bibliographical references and index. 330 $aThis book describes the diverse manifestations of trauma and the ways in which trauma has shaped-and dismantled-our culture. Yochai Ataria describes how we are addicted to trauma and have become both its avid producers and consumers. Consequently, the culture in which we live has become posttraumatic in the deepest sense. This is apparent in the products that have shaped and continue to shape Western culture, ranging from the biblical sacrifice of Isaac to Francis Ford Coppola's Apocalypse Now. Ataria exposes the primary attributes of this so-called posttraumatic culture: sacrifice through action, an uncontrolled lust for blood, an inability to speak and describe things in words, a sense of foulness and alienation, emotional death, imperviousness, separation, and an overwhelming sense of exile. . 606 $aSocial psychology 606 $aPsychology and religion 606 $aCulture 606 $aPopular culture 606 $aSocial Psychology 606 $aPsychology of Religion and Spirituality 606 $aGlobal and International Culture 606 $aPopular Culture 615 0$aSocial psychology. 615 0$aPsychology and religion. 615 0$aCulture. 615 0$aPopular culture. 615 14$aSocial Psychology. 615 24$aPsychology of Religion and Spirituality. 615 24$aGlobal and International Culture. 615 24$aPopular Culture. 676 $a362.1968521 700 $aAtaria$b Yochai$4aut$4http://id.loc.gov/vocabulary/relators/aut$0765842 906 $aBOOK 912 $a9910254806503321 996 $aThe Structural Trauma of Western Culture$91965584 997 $aUNINA